000 00653nam a22001337a 4500
040 _cRUA
082 _aVEM HON B507 2015 Or.1
100 _aHONG PORHENG; ហុង​ ប៉ោហេង
245 _aEfficiency of preventive antibiotics occur on broiler diseases in Saang district, Kandal province;ប្រសិទ្ធភាពអង់ទីប៊ីយ់ូទិតសម្រាប់ការពារជំងឺដែលកើតមាននៅក្នុងស្រុកស្អាង ខេត្តកណ្ដាល
260 _aPhnom Penh
_bRua
_c2015
300 _aix;27p;
_bill;
_c29cm
856 _uHONG PORHENG
942 _cVEM
999 _c10494
_d10494